000 00713nam a2200241 a 4500
001 000046367
003 DO-SdBNP
005 20220406133431.0
007 ta
008 150805s2012 dr a 000 0 spa d
020 _a9789945447620
040 _aDO-SdBNP
_bspa
_cBNPHU
082 4 _222
100 1 _aBautista Javier, José D.
_9321
245 1 0 _aFlor de las aguas /
_cJ. D. Bautista Javier.
260 _aSanto Domingo :
_bUniversitaria,UASD,
_c2012.
300 _a96 p. :
_bil., ;
_c21 cm.
490 1 _aLiteratura y sociedad
_v88
500 _aIncluye datos biográficos del autor en la contracubierta
590 _aInventariado, 2022/BT
830 0 _aLiteratura y sociedad
_912032
942 _2ddc
_cLBS1
999 _c45856
_d45856